000 00292nam a22001217a 4500
008 171005b xxu||||| |||| 00| 0 eng d
041 _aeng
080 _22ND
_a159.9
100 _a49
101 _aPSI
245 _aREADINGS IN CHILD BEHAVIOR AND DEVELOPMENT
_cSTENDLER,C.B
942 _2udc
_cBK
999 _c32040
_d32040